MARC

Tag First Indicator Second Indicator Subfields
LEADER 00000cas a2200000 a 4500
001 in00003402611
005 20151205190248.0
006 m d
007 cr bn||||||abp
007 cr bn||||||ada
008 100429d19781994aluqr pso 0 a0eng c
010 |a  2011235816 
016 7 |a 010489880  |2 Uk 
016 7 |a 2645307-1  |2 DE-600 
019 |a 655616301  |a 655789277  |a 655916223  |a 655918426  |a 656009857 
022 |a 2327-8021  |l 0160-4198  |y 0160-4198  |2 1 
029 1 |a HEBIS  |b 287054675 
029 1 |a NZ1  |b 14121406 
035 |a (OCoLC)ocn610458099 
035 |a (OCoLC)610458099  |z (OCoLC)655616301  |z (OCoLC)655789277  |z (OCoLC)655916223  |z (OCoLC)655918426  |z (OCoLC)656009857 
040 |a OCLCE  |b eng  |c OCLCE  |d EYM  |d HUL  |d UKMGB  |d HEBIS  |d DLC  |d TXA  |d UtOrBLW 
042 |a dlr  |a pcc  |a nsdp 
043 |a n-us--- 
049 |a TXAM 
050 4 |a RA1  |b .J68 Electronic 
060 4 |a W1  |b JO6694H 
082 1 0 |a 362.1/05  |2 23 
222 0 |a Journal of health and human resources administration  |b (Online) 
245 0 0 |a Journal of health and human resources administration. 
246 1 |a JHHRA 
264 1 |a Montgomery, Ala. :  |b Southern Public Administration Education Foundation,  |c -[1994] 
264 4 |c ©1994 
310 |a Quarterly 
336 |a text  |b txt  |2 rdacontent 
337 |a computer  |b c  |2 rdamedia 
338 |a online resource  |b cr  |2 rdacarrier 
362 1 |a Began with: Vol. 1, no. 1 (Aug. 1978); ceased with: Vol. 16, no. 4 (spring 1994). 
506 |3 Use copy  |f Restrictions unspecified  |2 star  |5 MiAaHDL 
533 |a Electronic reproduction.  |b [S.l.] :  |c HathiTrust Digital Library,  |d 2010.  |5 MiAaHDL 
538 |a Mode of access: World Wide Web. 
583 1 |a digitized  |c 2010  |h HathiTrust Digital Library  |l committed to preserve  |2 pda  |5 MiAaHDL 
588 |a Description based on: Vol. 1, no. 4 (May 1979) (JSTOR, viewed Aug. 12, 2011). 
588 |a Latest issue consulted: Vol. 16, no. 4 (spring 1994) (JSTOR, viewed Aug. 12, 2011). 
500 |a Electronic resource. 
650 0 |a Health services administration  |v Periodicals. 
650 0 |a Public welfare administration  |v Periodicals. 
650 0 |a Health services administration  |z United States  |v Periodicals. 
650 0 |a Public welfare administration  |z United States  |v Periodicals. 
650 2 |a Delivery of Health Care  |x organization & administration  |v Congresses. 
650 2 |a Delivery of Health Care  |x organization & administration  |v Periodicals. 
650 2 |a Health Services Administration  |v Congresses. 
650 2 |a Health Services Administration  |v Periodicals. 
710 2 |a Southern Public Administration Education Foundation (U.S.) 
776 0 8 |i Print version:  |t Journal of health and human resources administration  |x 0160-4198  |w (DLC) 79640073  |w (OCoLC)3678098 
785 0 0 |t Journal of health and human services administration (Online)  |x 2168-5509  |w (DLC) 2011235815  |w (OCoLC)51321203 
948 |a cataloged  |b h  |c 2013/8/15  |d c  |e spoltoratski  |f 3:18:42 pm  |g sc 
994 |a C0  |b TXA 
999 |a MARS 
999 f f |s 6fd1e0f9-b299-3991-b248-131e45fae0d0  |i 751d358f-d901-3c8a-9032-5697f5f6097a  |t 0 
952 f f |a Texas A&M University  |b College Station  |c Electronic Resources  |d Available Online  |t 0  |e RA1 .J68  |g Electronic  |h Library of Congress classification 
998 f f |a RA1 .J68  |t 0  |l Available Online